|
|
|
|
| LEADER |
02073nam a22004093i 4500 |
| 001 |
EBC4396432 |
| 003 |
MiAaPQ |
| 005 |
20231204023213.0 |
| 006 |
m o d | |
| 007 |
cr cnu|||||||| |
| 008 |
231204s2015 xx o ||||0 eng d |
| 020 |
|
|
|a 9781783717088
|q (electronic bk.)
|
| 020 |
|
|
|z 9780745336008
|
| 035 |
|
|
|a (MiAaPQ)EBC4396432
|
| 035 |
|
|
|a (Au-PeEL)EBL4396432
|
| 035 |
|
|
|a (CaPaEBR)ebr11155513
|
| 035 |
|
|
|a (CaONFJC)MIL987540
|
| 035 |
|
|
|a (OCoLC)941700299
|
| 040 |
|
|
|a MiAaPQ
|b eng
|e rda
|e pn
|c MiAaPQ
|d MiAaPQ
|
| 082 |
0 |
|
|a 305.562091724
|
| 100 |
1 |
|
|a Ness, Immanuel.
|
| 245 |
1 |
0 |
|a Southern Insurgency :
|b The Coming of the Global Working Class.
|
| 264 |
|
1 |
|a London :
|b Pluto Press,
|c 2015.
|
| 264 |
|
4 |
|c Ã2015.
|
| 300 |
|
|
|a 1 online resource (241 pages)
|
| 336 |
|
|
|a text
|b txt
|2 rdacontent
|
| 337 |
|
|
|a computer
|b c
|2 rdamedia
|
| 338 |
|
|
|a online resource
|b cr
|2 rdacarrier
|
| 490 |
1 |
|
|a Wildcat
|
| 505 |
0 |
|
|a Cover -- Contents -- Maps, Figures and Tables -- Preface and Acknowledgements -- Introduction: The New International Working Class -- Part I: Capitalism and Imperialism -- 1. The Industrial Proletariat of the Global South -- 2. Migration and the Reserve Army of Labor -- Part II: Case Studies -- 3. India: Neoliberal Industrialization, Class Formation, and Mobilization -- 4. China: State Capitalism, Foreign Investment, and Worker Insurgency -- 5. South Africa: Post-Apartheid Labor Militancy in the Mining Sector -- 6. Conclusion -- Notes -- Index.
|
| 588 |
|
|
|a Description based on publisher supplied metadata and other sources.
|
| 590 |
|
|
|a Electronic reproduction. Ann Arbor, Michigan : ProQuest Ebook Central, 2023. Available via World Wide Web. Access may be limited to ProQuest Ebook Central affiliated libraries.
|
| 655 |
|
4 |
|a Electronic books.
|
| 776 |
0 |
8 |
|i Print version:
|a Ness, Immanuel
|t Southern Insurgency
|d London : Pluto Press,c2015
|z 9780745336008
|
| 797 |
2 |
|
|a ProQuest (Firm)
|
| 830 |
|
0 |
|a Wildcat
|
| 856 |
4 |
0 |
|u https://ebookcentral.proquest.com/lib/matrademy/detail.action?docID=4396432
|z Click to View
|